Países com Mais Medalhas Olímpicas no Handebol - Statistics

Estatísticas Gerais
  • Esse quiz foi jogado 114 vezes
  • A pontuação média é 11 de 14
Estatísticas das Respostas
Hint Resposta % Correto
7 França
95%
5 Espanha
93%
3 Alemanha
90%
4 Suécia
90%
5 Dinamarca
88%
4 Rússia
88%
7 Noruega
87%
3 Hungria
76%
6 União Soviética
73%
3 Croácia
69%
4 Roménia
65%
5 Iugoslávia
63%
7 Coreia do Sul
58%
3 Alemanha Oriental
21%
Nenhum quiz correspondente encontrado
Distribuição das Pontuações
Porcentagem de Pessoas com Cada Pontuação
Percentil de Números Respondidos
Sua Pontuação Histórica
Você não jogou esse quiz